[Event "60.Camp. Veneto Quarti di Finale"]
[Site "Venezia"]
[Date "2000.06.04"]
[Round "5.2"]
[White "Marson, Luca"]
[Black "Rosino, Antonio"]
[Result "0-1"]
[WhiteElo "1651"]
[BlackElo "2275"]
[Annotator "Gabriele Ballarin"]
[PlyCount "58"]
[EventDate "2000.05.27"]
[EventType "swiss"]
[EventRounds "6"]
[EventCountry "ITA"]

1. e4 e5 2. Nf3 Nc6 3. Bb5 a6 4. Ba4 Nf6 5. O-O Be7 6. Re1 b5 7. Bb3 O-O 8. c3 d6 9. h3 Na5 10. Bc2 c5 11. d4 cxd4 12. cxd4 Qc7 13. Nbd2 Bb7 14. Nf1 Rac8 15. Ne3 exd4 16. Nxd4 Rfe8 17. Nd5 Nxd5 18. exd5 Bf6 19. Rxe8+ Rxe8 20. Be3 Nc4 21. Rc1 Qa5 22. Bb1 Nxe3 23. fxe3 g6 24. Qf3 Bxd4 25. exd4 Re1+ 26. Rxe1 Qxe1+ 27. Qf1 Qe3+ 28. Kh2 Qxd4 29. Qe2 Qxd5 0-1

[Event "60.Camp. Veneto Quarti di Finale"]
[Site "Venezia"]
[Date "2000.06.04"]
[Round "5.3"]
[White "Ballarin, Gabriele"]
[Black "Pomaro, Stefano"]
[Result "1-0"]
[WhiteElo "1618"]
[BlackElo "1572"]
[Annotator "Gabriele Ballarin"]
[PlyCount "89"]
[EventDate "2000.05.27"]
[EventType "swiss"]
[EventRounds "6"]
[EventCountry "ITA"]
[SourceTitle "Ballarin Gabriele"]
[Source "Ballarin Gabrie"]
[SourceDate "2001.01.01"]
[SourceVersion "1"]
[SourceVersionDate "2001.01.01"]
[SourceQuality "1"]

1. e4 c6 2. Nc3 d5 3. Qf3 dxe4 4. Nxe4 Nd7 5. d4 Ngf6 6. Bc4 Nb6 7. Nxf6+ gxf6 8. Bd3 Qxd4 9. Ne2 Qg4 10. Be4 Qxf3 11. Bxf3 Bf5 12. Nd4 Bg6 13. Nxc6 bxc6 14. Bxc6+ Kd8 15. Bxa8 Nxa8 16. c4 e6 17. Be3 Nb6 18. O-O-O+ Kc7 19. b3 Ba3+ 20. Kd2 Rd8+ 21. Ke2 Bc2 22. Rxd8 Kxd8 23. Kd2 Be4 24. f3 Bc6 25. Kc3 Be7 26. Rd1+ Kc7 27. a3 a5 28. b4 a4 29. Rd4 e5 30. Rh4 Bd7 31. Rxh7 Be6 32. Bxb6+ Kxb6 33. g4 Kc6 34. h4 Kd6 35. h5 e4 36. fxe4 Bxg4 37. h6 f5 38. Rxf7 Bh4 39. exf5 Bg3 40. h7 Be5+ 41. Kc2 Be2 42. c5+ Kc6 43. Re7 Kd5 44. Rxe5+ Kxe5 45. h8=Q+ 1-0

[Event "60.Camp. Veneto Quarti di Finale"]
[Site "Venezia"]
[Date "2000.06.04"]
[Round "5.4"]
[White "Cosma, Bruno"]
[Black "Roberti, Ignazio"]
[Result "0-1"]
[WhiteElo "1542"]
[BlackElo "1645"]
[Annotator "Gabriele Ballarin"]
[PlyCount "38"]
[EventDate "2000.05.27"]
[EventType "swiss"]
[EventRounds "6"]
[EventCountry "ITA"]
[SourceTitle "Inf 04"]

1. Nf3 d5 2. b3 Nf6 3. Bb2 Bf5 4. e3 e6 5. Be2 h6 6. O-O Bd6 7. Ne5 O-O 8. f4 Nbd7 9. d4 Qe7 10. c4 c5 11. Nc3 Rad8 12. Rc1 a6 13. Bd3 Bxe5 14. fxe5 Ng4 15. Rf3 Qh4 16. h3 Nxe3 17. Qe2 cxd4 18. Rxe3 dxe3 19. Qxe3 d4 0-1

[Event "60.Camp. Veneto Quarti di Finale"]
[Site "Venezia"]
[Date "2000.06.04"]
[Round "5.5"]
[White "Lorenzini, Adriano"]
[Black "Zotti, Enrico"]
[Result "0-1"]
[WhiteElo "1600"]
[BlackElo "1700"]
[Annotator "Gabriele Ballarin"]
[PlyCount "52"]
[EventDate "2000.05.27"]
[EventType "swiss"]
[EventRounds "6"]
[EventCountry "ITA"]
[SourceTitle "Inf 04"]

1. d4 Nf6 2. c4 g6 3. Nc3 Bg7 4. e4 d6 5. f3 O-O 6. Be3 Nbd7 7. Qd2 e5 8. d5 Re8 9. Nh3 a5 10. Na4 b6 11. Nf2 Nc5 12. Nc3 h5 13. Be2 Kh7 14. b3 Bd7 15. Nb5 Qc8 16. Qc3 Ng8 17. g4 hxg4 18. h4 g3 19. Nd3 Nf6 20. O-O-O Nh5 21. Qd2 f5 22. exf5 Bxf5 23. Nc3 e4 24. Nxc5 bxc5 25. Rdg1 exf3 26. Bxf3 Rxe3 0-1

[Event "60.Camp. Veneto Quarti di Finale"]
[Site "Venezia"]
[Date "2000.06.04"]
[Round "6.2"]
[White "Rosino, Antonio"]
[Black "Ballarin, Gabriele"]
[Result "1-0"]
[WhiteElo "2275"]
[BlackElo "1618"]
[Annotator "Gabriele Ballarin"]
[PlyCount "71"]
[EventDate "2000.05.27"]
[EventType "swiss"]
[EventRounds "6"]
[EventCountry "ITA"]

1. e4 c5 2. c3 e5 3. Nf3 Nc6 4. Bc4 Qc7 5. O-O Be7 6. Na3 a6 7. d4 d6 8. h3 Nf6 9. Re1 b5 10. Bf1 O-O 11. Nc2 Ne8 12. Ne3 Bd8 13. Nd5 Qb8 14. Be3 cxd4 15. cxd4 Nf6 16. Rc1 Nxd5 17. exd5 Nxd4 18. Nxd4 exd4 19. Bxd4 Bg5 20. Rc3 Bd7 21. Rg3 Qd8 22. Bxg7 Kxg7 23. h4 h6 24. hxg5 hxg5 25. Qh5 g4 26. Rxg4+ Bxg4 27. Qxg4+ Kh6 28. Qh3+ Kg7 29. Qg3+ Kh6 30. Re4 Re8 31. Rh4+ Qxh4 32. Qxh4+ Kg7 33. Qg3+ Kh8 34. Qxd6 Re1 35. f3 a5 36. Qh2+ 1-0

[Event "60.Camp. Veneto Quarti di Finale"]
[Site "Venezia"]
[Date "2000.06.04"]
[Round "6.4"]
[White "Pomaro, Stefano"]
[Black "Marson, Luca"]
[Result "0-1"]
[WhiteElo "1572"]
[BlackElo "1650"]
[Annotator "Gabriele Ballarin"]
[PlyCount "134"]
[EventDate "2000.05.27"]
[EventType "swiss"]
[EventRounds "6"]
[EventCountry "ITA"]
[SourceTitle "Inf 04"]

1. e4 c5 2. Nf3 d6 3. d4 cxd4 4. Nxd4 Nf6 5. Nc3 a6 6. g3 e6 7. Bg2 Be7 8. O-O O-O 9. Be3 Qc7 10. a4 Nbd7 11. g4 Nb6 12. g5 Nfd7 13. Nce2 Nc5 14. c3 Nc4 15. Bc1 Ne5 16. b4 Ncd3 17. Be3 Nb2 18. Qb3 Nec4 19. Bc1 Nd3 20. Nf3 Nxc1 21. Raxc1 e5 22. Ng3 g6 23. Rfd1 Be6 24. Qc2 Rac8 25. Bf1 Bg4 26. Rd3 Kg7 27. h4 Rh8 28. Nh2 Be6 29. Rf3 h6 30. Bxc4 Qxc4 31. Nf5+ gxf5 32. exf5 hxg5 33. fxe6 Qxe6 34. Rg3 Rxh4 35. Qd2 Rf4 36. Qe2 Rh8 37. Ng4 Rh4 38. f3 Qf5 39. Kg2 Qh7 40. Kf1 Rh1+ 41. Rg1 Qh3+ 42. Qg2 Rxg1+ 43. Kxg1 Qxf3 44. Qxf3 Rxf3 45. Kg2 Rf4 46. Kg3 e4 47. c4 f5 48. Nf2 Kf6 49. c5 dxc5 50. bxc5 Ke5 51. c6 bxc6 52. Rxc6 Rf3+ 53. Kg2 Kf4 54. Rxa6 Bc5 55. Nh1 Ra3 56. Rc6 Bd4 57. Rc4 Be5 58. Nf2 g4 59. Rb4 Ra2 60. Kf1 Kf3 61. Rb3+ e3 62. Nd1 f4 63. Rd3 g3 64. a5 Rxa5 65. Nf2 Ra1+ 66. Nd1 Rxd1+ 67. Rxd1 e2+ 0-1

[Event "60.Camp. Veneto Quarti di Finale"]
[Site "Venezia"]
[Date "2000.06.04"]
[Round "6.5"]
[White "Roberti, Ignazio"]
[Black "Lorenzini, Adriano"]
[Result "0-1"]
[WhiteElo "1645"]
[BlackElo "1600"]
[Annotator "Gabriele Ballarin"]
[PlyCount "136"]
[EventDate "2000.05.27"]
[EventType "swiss"]
[EventRounds "6"]
[EventCountry "ITA"]
[SourceTitle "Inf 04"]

1. e4 d5 2. exd5 Qxd5 3. Nc3 Qa5 4. d4 Nf6 5. Nf3 c6 6. Bc4 Bf5 7. Bd2 e6 8. h3 Nbd7 9. O-O Qc7 10. Re1 Nb6 11. Bb3 Bd6 12. Ne5 O-O-O 13. a4 a6 14. a5 Nbd5 15. Na4 Ne4 16. Bxd5 exd5 17. c4 dxc4 18. Bf4 f6 19. Qf3 g6 20. Nb6+ Kb8 21. Nbxc4 fxe5 22. dxe5 Bc5 23. Rxe4 Bxe4 24. Qg3 Ka8 25. e6 Qe7 26. Bg5 Qxe6 27. Bxd8 Qxc4 28. Qc7 Bxf2+ 29. Kh1 Qd5 30. Qc8+ Ka7 31. Bb6+ Bxb6 32. axb6+ Kxb6 33. Qxh8 Bxg2+ 34. Kh2 Be4 35. Qc3 Qd6+ 36. Qg3 Qxg3+ 37. Kxg3 Kb5 38. Re1 Bf5 39. Re7 b6 40. Rxh7 c5 41. h4 c4 42. Kf4 Bd3 43. Rd7 a5 44. Ke3 Kb4 45. Rb7 b5 46. b3 Bf5 47. bxc4 Kxc4 48. Rc7+ Kb4 49. Kd2 a4 50. Rf7 a3 51. Kc1 Kb3 52. Ra7 a2 53. Ra5 b4 54. Ra7 Bd3 55. Ra5 Bb5 56. Kd2 Ba4 57. Re5 a1=Q 58. Re3+ Qc3+ 59. Ke2 Qxe3+ 60. Kxe3 Kc2 61. Kf4 b3 62. Kg5 Be8 63. Kh6 b2 64. Kg7 b1=Q 65. Kf8 Qe1 66. Kg7 Qxh4 67. Kg8 g5 68. Kg7 g4 0-1

[Event "GSS Veneto Sup."]
[Site "Campodarsego"]
[Date "2000.11.04"]
[Round "3"]
[White "Picotto"]
[Black "Baracchi, Filippo"]
[Result "0-1"]
[WhiteElo "1443"]
[BlackElo "1600"]
[Annotator "Gabriele Ballarin"]
[PlyCount "158"]
[EventDate "2000.11.??"]
[EventType "rapid"]
[EventCountry "ITA"]

1. d4 Nf6 2. h3 d5 3. Bf4 Bf5 4. e3 e6 5. Nf3 a6 6. Nbd2 c5 7. c3 c4 8. Nh4 Be4 9. Nxe4 Nxe4 10. Nf3 Nc6 11. Be2 Ne7 12. Ne5 f6 13. Nf3 Ng6 14. Bh2 Bd6 15. O-O Bxh2+ 16. Kxh2 O-O 17. Qc2 Qc7+ 18. Kh1 Ne7 19. Nd2 Nxd2 20. Qxd2 f5 21. f4 g6 22. b4 cxb3 23. axb3 Rfc8 24. Rfc1 Qb6 25. Rab1 Nc6 26. Qe1 Qd8 27. Qg3 Kh8 28. b4 Ne7 29. Qg5 Ng8 30. Qg3 Nf6 31. Bf3 Rc4 32. Rc2 Ne4 33. Bxe4 dxe4 34. Qe1 Rac8 35. Rbc1 Qd7 36. Qh4 Kg7 37. Kh2 Qd8 38. Qe1 h6 39. Ra2 Qc7 40. Rac2 Qc6 41. Qe2 Qa4 42. g4 Qb3 43. Qd2 Qa4 44. gxf5 exf5 45. d5 Qd7 46. d6 Rd8 47. Rd1 Rc6 48. Qd4+ Kh7 49. Rcd2 Qe6 50. Qe5 Qxe5 51. fxe5 Kg7 52. e6 Re8 53. d7 Rcxe6 54. dxe8=Q Rxe8 55. Rd7+ Kf6 56. Rxb7 Rc8 57. Rb6+ Kg5 58. Rc1 f4 59. Rg1+ Kf5 60. exf4 Rxc3 61. Rxa6 Rc2+ 62. Rg2 Rc4 63. Ra5+ Kf6 64. b5 Rb4 65. Ra6+ Kf5 66. b6 Kxf4 67. Rf2+ Ke3 68. Kg2 Rb5 69. Ra3+ Kd4 70. Rd2+ Ke5 71. Ra6 e3 72. Re2 Ke4 73. Ra4+ Kd3 74. Ra3+ Kxe2 75. Ra2+ Kd3 76. Kf3 Rf5+ 77. Kg4 Rb5 78. Kf3 Rxb6 79. Re2 Rf6+ 0-1

[Event "GSS Veneto Sup."]
[Site "Campodarsego"]
[Date "2000.11.05"]
[Round "4"]
[White "Baracchi, Filippo"]
[Black "Gobbato, Paolo"]
[Result "1/2-1/2"]
[WhiteElo "1600"]
[BlackElo "1455"]
[Annotator "Gabriele Ballarin"]
[PlyCount "148"]
[EventDate "2000.11.??"]
[EventType "rapid"]
[EventCountry "ITA"]

1. e4 c5 2. Nf3 e6 3. d4 cxd4 4. Nxd4 a6 5. Nc3 Qc7 6. Bd3 b5 7. a3 Nf6 8. Be3 b4 9. axb4 Bxb4 10. Bd2 Bb7 11. Qe2 O-O 12. O-O Bc5 13. Nf3 d6 14. Ra2 Rd8 15. Rfa1 h6 16. Na4 Ba7 17. Nc3 Ng4 18. Rf1 d5 19. exd5 exd5 20. Bf5 Nf6 21. g3 Re8 22. Bf4 Rxe2 23. Bxc7 Re8 24. Be5 d4 25. Bxb8 Raxb8 26. Nxd4 Bxd4 27. Nd1 g6 28. Bd3 Ng4 29. Bxa6 Bf3 30. Ra4 Bxd1 31. Rxd4 Bf3 32. Rf4 Ne5 33. Rc1 Rxb2 34. Kf1 g5 35. Rf6 Kg7 36. Rd6 Ra8 37. Ke1 Re8 38. Kf1 g4 39. Rd2 Reb8 40. Re1 Rb1 41. Be2 Bxe2+ 42. Kxe2 Nf3 43. Rxb1 Rxb1 44. Rd5 Re1+ 45. Kd3 Rd1+ 46. Ke4 Rxd5 47. Kxd5 Nxh2 48. c4 Kf8 49. Ke5 Ke7 50. c5 f6+ 51. Kf5 Kf7 52. c6 Ke7 53. c7 Kd7 54. Kxf6 Kxc7 55. Kg6 Kd6 56. Kf5 Kd5 57. Kf4 Kd4 58. Kf5 Kd3 59. Kg6 Ke2 60. Kxh6 Kxf2 61. Kg5 Kxg3 62. Kf5 Kf3 63. Ke5 g3 64. Kd4 g2 65. Ke5 g1=Q 66. Kd5 Qg4 67. Ke5 Qe4+ 68. Kd6 Qf5 69. Kc6 Ke4 70. Kd6 Qd5+ 71. Kc7 Qe6 72. Kb7 Kd5 73. Ka7 Qc6 74. Kb8 Qd7 1/2-1/2

[Event "GSS Veneto Sup."]
[Site "Campodarsego"]
[Date "2000.11.05"]
[Round "5"]
[White "Goi, Veronika"]
[Black "Baracchi, Filippo"]
[Result "1-0"]
[WhiteElo "1633"]
[BlackElo "1600"]
[Annotator "Gabriele Ballarin"]
[PlyCount "159"]
[EventDate "2000.11.??"]
[EventType "rapid"]
[EventCountry "ITA"]

1. d4 Nf6 2. Bf4 d5 3. Nd2 Nc6 4. e3 e6 5. Ngf3 Nh5 6. Bg5 Be7 7. Bxe7 Qxe7 8. a3 O-O 9. Bd3 Nf6 10. b4 a6 11. Ne5 Nxe5 12. dxe5 Nd7 13. O-O Nxe5 14. Bxh7+ Kxh7 15. Qh5+ Kg8 16. Qxe5 f6 17. Qg3 Qd6 18. f4 Bd7 19. Rad1 Ba4 20. Rc1 a5 21. c3 c5 22. Qh3 Kf7 23. Qh5+ Ke7 24. Qg6 Rg8 25. Kh1 axb4 26. axb4 c4 27. e4 Be8 28. Qh7 Bf7 29. e5 fxe5 30. Qh4+ g5 31. fxg5 Rh8 32. Qf2 Bh5 33. Qf6+ Kd7 34. g6 Rag8 35. Nf3 Bxf3 36. Rxf3 e4 37. Rg3 Rf8 38. Qg5 Rf5 39. g7 Rxh2+ 40. Kg1 Rxg5 41. Rxg5 Rh6 42. g8=Q Qh2+ 43. Kf2 Rf6+ 44. Ke2 Qf4 45. Rg7+ Kc6 46. Qc8+ Kb5 47. Rxb7+ Ka4 48. Qa8+ Kb3 49. Rb1+ Kxc3 50. Qa3+ Kd4 51. Qa7+ Ke5 52. Qb8+ Kf5 53. Qxf4+ Kxf4 54. Rf1+ Ke5 55. Rxf6 Kxf6 56. b5 d4 57. Rd7 e5 58. b6 c3 59. b7 d3+ 60. Rxd3 exd3+ 61. Kxd3 e4+ 62. Kxe4 c2 63. b8=Q c1=Q 64. Qf4+ Qxf4+ 65. Kxf4 Kg6 66. Kg4 Kf6 67. Kh5 Kf5 68. g4+ Kf6 69. Kh6 Kf7 70. g5 Ke6 71. g6 Kf6 72. Kh7 Ke5 73. g7 Kd5 74. g8=Q+ Ke5 75. Qd8 Ke4 76. Qd6 Kf5 77. Qe7 Kf4 78. Qe6 Kf3 79. Qe5 Kg4 80. Qf6 1-0

[Event "3. Open Magistrale"]
[Site "Padova"]
[Date "2000.12.02"]
[Round "1.3"]
[White "Chatalbashev, Boris"]
[Black "Van Hoolandt, Patrick"]
[Result "1/2-1/2"]
[WhiteElo "2494"]
[BlackElo "2169"]
[Annotator "Gabriele Ballarin"]
[PlyCount "71"]
[EventDate "2000.12.02"]
[EventType "swiss"]
[EventRounds "9"]
[EventCountry "ITA"]
[SourceTitle "Ballarin Gabriele"]
[Source "Ballarin Gabrie"]
[SourceDate "2001.01.01"]
[SourceVersion "1"]
[SourceVersionDate "2001.01.01"]
[SourceQuality "1"]

{[%evp 0,67,30,27,28,6,6,6,40,24,33,32,29,4,8,8,13,-10,6,5,18,3,8,16,19,23,21,20,49,39,42,40,72,45,87,60,67,79,79,97,69,59,59,0,0,-3,-11,-24,-44,-68,-72,-44,-45,-259,-265,-339,0,0,0,0,0,0,0,0,0,0,0,0,0,0]} 1. d4 Nf6 2. c4 e6 3. Nf3 Bb4+ 4. Nbd2 b6 5. a3 Bxd2+ 6. Qxd2 Bb7 7. e3 O-O 8. Be2 d6 9. O-O Nbd7 10. b3 Qe7 11. Bb2 Rfd8 12. Rfd1 c5 13. Rac1 d5 14. cxd5 Bxd5 15. Qc2 Bb7 16. dxc5 Nxc5 17. b4 Rxd1+ 18. Rxd1 Nce4 19. Ne5 Rc8 20. Qd3 Ne8 21. Bf3 N4d6 22. Bxb7 Qxb7 23. b5 f6 24. Nc6 Nxb5 25. Nd8 Qd5 26. Qe2 Qb3 27. Nxe6 Rc2 28. Qg4 Rxb2 29. Nxg7 Nxg7 30. Rd8+ Kf7 31. Qd7+ Kg6 32. Qg4+ Kf7 33. Qd7+ Kg6 34. Qg4+ Kf7 35. Qd7+ Kg6 36. Qg4+ 1/2-1/2

[Event "3. Open Magistrale"]
[Site "Padova"]
[Date "2000.12.02"]
[Round "1.9"]
[White "Rossi, Carlo"]
[Black "Straub, Peter"]
[Result "1-0"]
[WhiteElo "2436"]
[BlackElo "2084"]
[Annotator "Gabriele Ballarin"]
[PlyCount "75"]
[EventDate "2000.12.02"]
[EventType "swiss"]
[EventRounds "9"]
[EventCountry "ITA"]
[SourceTitle "Ballarin Gabriele"]
[Source "Ballarin Gabrie"]
[SourceDate "2001.01.01"]
[SourceVersion "1"]
[SourceVersionDate "2001.01.01"]
[SourceQuality "1"]

{[%evp 0,73,20,42,51,51,56,-30,56,58,50,31,65,58,48,24,41,13,28,24,73,74,88,84,90,87,104,99,93,79,70,71,101,58,53,17,28,65,69,69,90,20,21,-6,2,14,19,12,57,62,74,43,39,62,91,91,84,91,84,84,84,78,176,179,179,196,314,241,243,232,301,324,317,348,350,96]} 1. e4 c5 2. Nf3 e6 3. b4 b6 4. bxc5 bxc5 5. Bb2 Bb7 6. Nc3 Nc6 7. Rb1 Rb8 8. e5 a6 9. Ne4 Nd4 10. Bd3 Bxe4 11. Bxe4 Nxf3+ 12. Bxf3 g6 13. O-O Bg7 14. Bc3 Ne7 15. Qe2 Qc7 16. Qxa6 O-O 17. Rb7 Rxb7 18. Qxb7 Qxb7 19. Bxb7 Rb8 20. Be4 Nd5 21. Bxd5 exd5 22. d4 Rc8 23. Ra1 cxd4 24. Bxd4 d6 25. f4 dxe5 26. fxe5 Rc4 27. c3 Ra4 28. Rb1 h5 29. Rb8+ Kh7 30. Rb7 Rxa2 31. Rxf7 Kg8 32. Rd7 Ra5 33. Kf2 Kf8 34. Kf3 Bh6 35. e6 Bg5 36. Rg7 Bd2 37. Rf7+ Ke8 38. Bf6 1-0

[Event "3. Open Magistrale"]
[Site "Padova"]
[Date "2000.12.02"]
[Round "1.14"]
[White "Gorecki, Zbigniew"]
[Black "Caruso, Augusto"]
[Result "0-1"]
[WhiteElo "2005"]
[BlackElo "2286"]
[Annotator "Gabriele Ballarin"]
[PlyCount "48"]
[EventDate "2000.12.02"]
[EventType "swiss"]
[EventRounds "9"]
[EventCountry "ITA"]
[SourceTitle "Ballarin Gabriele"]
[Source "Ballarin Gabrie"]
[SourceDate "2001.01.01"]
[SourceVersion "1"]
[SourceVersionDate "2001.01.01"]
[SourceQuality "1"]

1. d4 e6 2. c4 Nf6 3. Nc3 b6 4. e4 Bb7 5. Bd3 d5 6. cxd5 exd5 7. Qb3 Nxe4 8. Nxe4 dxe4 9. Bc4 Qe7 10. Bd2 Nc6 11. Bc3 O-O-O 12. Ne2 Qg5 13. O-O e3 14. f4 Qg4 15. h3 Qh5 16. Bxf7 Qxe2 17. Rae1 Qd3 18. Qe6+ Kb8 19. Rxe3 Nxd4 20. Qe5 Qc2 21. Rf2 Qf5 22. Bh5 Qxe5 23. fxe5 Bc5 24. b4 Nf5 0-1

[Event "3. Open Magistrale"]
[Site "Padova"]
[Date "2000.12.02"]
[Round "1.16"]
[White "Radulescu, Gheorghe"]
[Black "Genocchio, Daniele"]
[Result "0-1"]
[WhiteElo "1902"]
[BlackElo "2201"]
[Annotator "Gabriele Ballarin"]
[PlyCount "112"]
[EventDate "2000.12.02"]
[EventType "swiss"]
[EventRounds "9"]
[EventCountry "ITA"]
[SourceTitle "Ballarin Gabriele"]
[Source "Ballarin Gabrie"]
[SourceDate "2001.01.01"]
[SourceVersion "1"]
[SourceVersionDate "2001.01.01"]
[SourceQuality "1"]

{[%evp 0,110,38,24,24,6,2,-3,22,13,14,14,35,47,41,52,44,39,43,71,63,60,73,84,79,45,51,35,39,43,37,-21,-23,-6,-9,-40,-34,-44,-73,-74,-89,-108,-114,-108,-108,-110,-113,-112,-80,-84,-87,-83,-72,-92,-79,-85,-89,-94,-94,-107,-117,-107,-108,-110,-112,-114,-125,-125,-135,-138,-138,-136,-123,-115,-133,-181,-170,-170,-170,-201,-190,-216,-224,-216,-200,-216,-190,-216,-170,-216,-159,-160,-180,-180,-183,-229,-247,-243,-309,-345,-404,-404,-404,-477,-477,-798,-1267,-1348,-1357,-1375,-1200,-1388,-429]} 1. d4 Nf6 2. c4 c5 3. Nf3 e6 4. Nc3 cxd4 5. Nxd4 d6 6. e4 Be7 7. Be2 O-O 8. O-O b6 9. Bf3 e5 10. Nf5 Nc6 11. Nxe7+ Qxe7 12. Bg5 Be6 13. Nd5 Bxd5 14. cxd5 Nd4 15. g3 Rac8 16. Bg2 h6 17. Be3 Nc2 18. Rb1 Nxe3 19. fxe3 Rc4 20. Rc1 Rfc8 21. Rxc4 Rxc4 22. Qd3 Qc7 23. Bf3 Qc5 24. Kg2 a5 25. Rf2 Rc1 26. Bd1 Qc4 27. Qxc4 Rxc4 28. Rc2 Ng4 29. Kf3 Rxc2 30. Bxc2 Nxh2+ 31. Kg2 Ng4 32. Kf3 h5 33. Ba4 Kf8 34. a3 Nf6 35. b4 g5 36. Bc2 Kg7 37. b5 g4+ 38. Kg2 Nd7 39. Kf2 Kf6 40. Kg2 Kg5 41. Kh2 Nf8 42. Kg2 Ng6 43. Kf2 Ne7 44. Bd3 h4 45. gxh4+ Kxh4 46. Kg2 f5 47. Bc2 Kg5 48. Kf2 f4 49. Bd1 Ng6 50. Be2 Nh4 51. exf4+ Kxf4 52. Bd3 g3+ 53. Ke2 Nf3 54. Kf1 Ke3 55. Bc2 Ne1 56. Bd1 g2+ 0-1

[Event "3. Open Magistrale"]
[Site "Padova"]
[Date "2000.12.03"]
[Round "2.14"]
[White "Cecchetto, Vanni"]
[Black "Gorecki, Zbigniew"]
[Result "0-1"]
[WhiteElo "2139"]
[BlackElo "2005"]
[Annotator "Gabriele Ballarin"]
[PlyCount "160"]
[EventDate "2000.12.02"]
[EventType "swiss"]
[EventRounds "9"]
[EventCountry "ITA"]
[SourceTitle "Ballarin Gabriele"]
[Source "Ballarin Gabrie"]
[SourceDate "2001.01.01"]
[SourceVersion "1"]
[SourceVersionDate "2001.01.01"]
[SourceQuality "1"]

1. e4 c5 2. Nf3 Nc6 3. c3 d5 4. exd5 Qxd5 5. d4 Nf6 6. Be2 e6 7. O-O Be7 8. Na3 O-O 9. h3 b6 10. Bf4 cxd4 11. Nxd4 Nxd4 12. Qxd4 Qxd4 13. cxd4 Bxa3 14. bxa3 Nd5 15. Bf3 Rd8 16. Bxd5 Rxd5 17. Be3 Ra5 18. Rfc1 Rxa3 19. Rc7 Ba6 20. Rac1 Rxa2 21. Re7 Bd3 22. Rcc7 Bg6 23. Rb7 h6 24. Kh2 Kf8 25. g4 b5 26. d5 exd5 27. Bc5 Kg8 28. Rxb5 Rd8 29. Rxa7 Rxa7 30. Bxa7 d4 31. Rb2 d3 32. Rd2 Ra8 33. Be3 Ra1 34. Kg2 Re1 35. Kf3 Rh1 36. Kg2 Re1 37. Kf3 Kf8 38. h4 h5 39. gxh5 Bxh5+ 40. Kf4 Be2 41. Ra2 Kg8 42. Ra8+ Kh7 43. Rd8 Kg6 44. Rd6+ f6 45. Rd8 Rg1 46. f3 Rf1 47. Ke4 Rxf3 48. Rd6 Rh3 49. Bf2 Rh2 50. Bg3 Rg2 51. Be1 Bf1 52. Kf3 Re2 53. Bb4 Bg2+ 54. Kg3 Re4 55. Bd2 Bf1 56. Rd7 Re5 57. Bb4 Be2 58. Bf8 Re8 59. Rxg7+ Kh6 60. Rf7+ Kg6 61. Rg7+ Kf5 62. Bb4 Rb8 63. Ba5 Rb5 64. Be1 Rb1 65. Kf2 Bf3 66. Rd7 Be4 67. Ba5 Rb2+ 68. Kg3 Rg2+ 69. Kh3 Kf4 70. Rd4 Rg1 71. Bc7+ Kf3 72. Kh2 Rg2+ 73. Kh1 f5 74. Bb6 Rg4 75. Bd8 Kf2+ 76. Kh2 Rg1 77. Rxe4 fxe4 78. Bb6+ e3 79. Bxe3+ Kxe3 80. Kxg1 d2 0-1

[Event "3. Open Magistrale"]
[Site "Padova"]
[Date "2000.12.04"]
[Round "3.4"]
[White "Solozhenkin, Evgeniy"]
[Black "Paragua, Mark"]
[Result "1/2-1/2"]
[WhiteElo "2504"]
[BlackElo "2423"]
[Annotator "Gabriele Ballarin"]
[PlyCount "92"]
[EventDate "2000.12.02"]
[EventType "swiss"]
[EventRounds "9"]
[EventCountry "ITA"]
[SourceTitle "Ballarin Gabriele"]
[Source "Ballarin Gabrie"]
[SourceDate "2001.01.01"]
[SourceVersion "1"]
[SourceVersionDate "2001.01.01"]
[SourceQuality "1"]

{[%evp 0,91,24,24,26,6,37,10,20,9,10,17,12,29,36,14,28,16,21,-1,10,37,54,16,16,12,28,-11,47,0,3,-32,-2,6,0,20,8,41,28,21,28,17,47,4,38,-19,0,-20,34,49,47,20,19,4,22,19,19,9,34,-94,-97,-173,-161,-139,-118,-129,-118,-132,-88,-88,-125,-192,-216,-215,-214,-235,-257,-248,-248,-228,-228,-228,-27,-42,-51,-14,-9,0,0,0,0,0,0,0]} 1. d4 Nf6 2. c4 g6 3. g3 Bg7 4. Bg2 O-O 5. Nf3 d6 6. O-O Nbd7 7. Nc3 e5 8. e4 c6 9. Be3 exd4 10. Nxd4 Re8 11. h3 Nc5 12. Qc2 Qe7 13. Rfe1 Bd7 14. f3 Nh5 15. Kh2 a5 16. Rad1 Rad8 17. Qf2 Bc8 18. f4 Qc7 19. Bf3 Nf6 20. Qg2 a4 21. a3 Qa5 22. g4 Qa6 23. Bf2 Ne6 24. Nxe6 Bxe6 25. c5 dxc5 26. Bxc5 Bb3 27. Rxd8 Rxd8 28. g5 Nd7 29. Qd2 Qa8 30. Qf2 Nxc5 31. Qxc5 Rd2+ 32. Re2 Rd3 33. Kg2 Bxc3 34. bxc3 Qf8 35. Qb6 Qxa3 36. Qxb7 Bd1 37. Rf2 Bxf3+ 38. Rxf3 Rxf3 39. Kxf3 Qxc3+ 40. Kg4 c5 41. Qa8+ Kg7 42. Qxa4 c4 43. Qd7 Qb2 44. f5 Qg2+ 45. Kf4 Qf2+ 46. Kg4 Qg2+ 1/2-1/2

[Event "3. Open Magistrale"]
[Site "Padova"]
[Date "2000.12.04"]
[Round "3.5"]
[White "Zlochevskij, Alexander"]
[Black "Van Hoolandt, Patrick"]
[Result "1-0"]
[WhiteElo "2450"]
[BlackElo "2169"]
[Annotator "Gabriele Ballarin"]
[PlyCount "81"]
[EventDate "2000.12.02"]
[EventType "swiss"]
[EventRounds "9"]
[EventCountry "ITA"]
[SourceTitle "Ballarin Gabriele"]
[Source "Ballarin Gabrie"]
[SourceDate "2001.01.01"]
[SourceVersion "1"]
[SourceVersionDate "2001.01.01"]
[SourceQuality "1"]

{[%evp 0,80,24,26,26,6,6,6,41,23,34,35,30,8,-2,8,17,-3,5,-1,11,14,24,20,26,23,20,0,12,-5,32,9,2,-7,-4,-7,17,29,79,13,23,10,40,34,22,28,70,45,93,63,67,62,51,11,-5,-4,-4,-7,2,-61,77,78,79,108,81,63,77,75,74,68,81,65,96,93,93,91,96,33,31,14,9,16,26]} 1. d4 Nf6 2. c4 e6 3. Nf3 Bb4+ 4. Nbd2 b6 5. a3 Bxd2+ 6. Qxd2 Bb7 7. e3 O-O 8. Be2 d6 9. O-O Nbd7 10. b4 c5 11. Bb2 Qe7 12. Rad1 Rfd8 13. Ba1 Rac8 14. Qb2 Ne8 15. Rd2 Ndf6 16. Rfd1 Ne4 17. Rc2 Ba8 18. Ne1 d5 19. cxd5 cxb4 20. axb4 Rxc2 21. Qxc2 exd5 22. b5 N4d6 23. Qb3 Nc7 24. Qa3 Nce8 25. Nd3 Rc8 26. Bc3 Qc7 27. Be1 Nxb5 28. Qa2 Qc2 29. Qa6 Qxe2 30. Qxc8 Nbd6 31. Qc1 Nc4 32. Nf4 Qa2 33. Qc3 Qa4 34. Ra1 Qd7 35. Nd3 f6 36. Nb2 Ned6 37. Nxc4 Nxc4 38. Qb3 Bc6 39. Bb4 a5 40. Bc3 a4 41. Qb4 $138 1-0

[Event "3. Open Magistrale"]
[Site "Padova"]
[Date "2000.12.04"]
[Round "3.11"]
[White "Gorecki, Zbigniew"]
[Black "Chatalbashev, Boris"]
[Result "0-1"]
[WhiteElo "2005"]
[BlackElo "2494"]
[Annotator "Gabriele Ballarin"]
[PlyCount "58"]
[EventDate "2000.12.02"]
[EventType "swiss"]
[EventRounds "9"]
[EventCountry "ITA"]
[SourceTitle "Ballarin Gabriele"]
[Source "Ballarin Gabrie"]
[SourceDate "2001.01.01"]
[SourceVersion "1"]
[SourceVersionDate "2001.01.01"]
[SourceQuality "1"]

1. d4 g6 2. c4 Bg7 3. e4 c5 4. d5 d6 5. Nc3 e6 6. Nf3 Nf6 7. Be2 O-O 8. O-O Re8 9. Qc2 Na6 10. Re1 exd5 11. cxd5 Nb4 12. Qb1 Bg4 13. h3 Bxf3 14. Bxf3 Nfxd5 15. Nxd5 Nxd5 16. Bd2 Ne7 17. Bc3 Nc6 18. Be2 Nd4 19. Bc4 Qh4 20. Bd5 Re7 21. Qd3 Rae8 22. Bxd4 Bxd4 23. Re2 Kg7 24. Rae1 f5 25. Qf3 fxe4 26. Bxe4 Rf8 27. g3 Rxf3 28. gxh4 Rxf2 29. Rxf2 d5 0-1